Flatbush Zombies Discography - Statistics

General Stats
  • This quiz has been taken 26 times
    10 since last reset
  • The average score is 4 of 5
Answer Stats
Year Name Type % Correct
2016 3001: A Laced Odyssey Album
100%
2018 Vacation in Hell Album
100%
2013 BetterOffDead Mixtape
75%
2012 D.R.U.G.S. Mixtape
63%
2014 Clockwork Indigo EP (Collab)
50%
No matching quizzes found
Score Distribution
Percent of People with Each Score
Percentile by Number Answered
Your Score History
You have not taken this quiz since the last reset